Welcome to the Holygrace Academy Library

Please use search bar below to get started

LIFE OF MILTON (Record no. 3399)

MARC details
000 -LEADER
fixed length control field 00248nam a22001217a 4500
082 ## - DEWEY DECIMAL CLASSIFICATION NUMBER
Classification number 823
Item number JOH/L
100 ## - MAIN ENTRY--AUTHOR NAME
Personal name JOHNSON
245 ## - TITLE STATEMENT
Title LIFE OF MILTON
260 ## - PUBLICATION, DISTRIBUTION, ETC. (IMPRINT)
Place of publication AGRA
Name of publisher LAKSHMI NARAIN AGARWAL
300 ## - PHYSICAL DESCRIPTION
Number of Pages 199
650 ## - SUBJECT ADDED ENTRY--TOPICAL TERM
Topical Term NOVEL
Geographic subdivision INDIA
942 ## - ADDED ENTRY ELEMENTS (KOHA)
Koha item type Books
Holdings
Withdrawn status Lost status Collection code Home library Current library Shelving location Date acquired Source of acquisition Full call number Accession Number Koha item type
    Fiction Main Library Main Library SHELF-14G- ALPHABETICAL J,K,L --ENGLISH NOVELS & FICTIONS 15/05/2004 purchase 823 JOH/L 00822 Books